[Event "4th EUR-ch"]
[Site "Istanbul TUR"]
[Date "2003.06.10"]
[Round "10.89"]
[White "Jenni, Florian"]
[Black "Nyysti, Sampsa"]
[Result "1-0"]
[WhiteElo "2516"]
[BlackElo "2429"]
[EventDate "2003.05.30"]
[PlyCount "131"]

1.e4 e5 2.Nf3 Nc6 3.Bb5 a6 4.Ba4 Nf6 5.O-O Be7 6.Bxc6 dxc6 7.Qe2 Bg4 8.d3 
Qd6 9.Nbd2 Nd7 10.b3 Qg6 11.Nc4 f6 12.Ne3 h5 13.Re1 Qh7 14.a4 O-O-O 15.h3 
Bb4 16.Rd1 Nc5 17.Nf1 Bc3 18.Rb1 Bd7 19.Qe3 b6 20.a5 Kb7 21.Bd2 Bxd2 22.
N3xd2 Qh6 23.b4 Na4 24.Rb3 Qxe3 25.Nxe3 Be6 26.Ra3 b5 27.Rb1 h4 28.Nd1 c5 
29.Nc3 Nxc3 30.Rxc3 c4 31.Kf1 Rd7 32.Ke2 Rhd8 33.Nf1 f5 34.Nd2 c5 35.bxc5 
Kc6 36.Nxc4 Bxc4 37.dxc4 fxe4 38.cxb5+ axb5 39.a6 Ra8 40.Ra3 Rd4 41.Ra5 
Rc4 42.Raxb5 Rxc2+ 43.Ke3 Ra2 44.Rb6+ Kd5 45.Rd1+ Kxc5 46.Re6 R8xa6 47.
Rxe5+ Kc6 48.Re6+ Kc5 49.Rxa6 Rxa6 50.Kxe4 Rg6 51.Kf3 Rf6+ 52.Ke2 Re6+ 53.
Kf1 Kc6 54.Rd4 g5 55.Rd3 Re5 56.Rd8 Kc5 57.g3 Rd5 58.Rxd5+ Kxd5 59.gxh4 
gxh4 60.Ke2 Ke4 61.f3+ Kf5 62.Ke3 Ke5 63.f4+ Kd5 64.Kf3 Kd4 65.Kg4 Ke4 66.
f5 1-0

[Event "4th EUR-ch"]
[Site "Istanbul TUR"]
[Date "2003.06.10"]
[Round "10.90"]
[White "Karadeniz, Emre"]
[Black "Meijers, Viesturs"]
[Result "0-1"]
[WhiteElo "2308"]
[BlackElo "2512"]
[EventDate "2003.05.30"]
[PlyCount "96"]

1.e4 e5 2.Nc3 Nf6 3.Nf3 Bb4 4.Nxe5 O-O 5.Be2 d6 6.Nd3 Bxc3 7.dxc3 Nxe4 8.
Nf4 Nc6 9.O-O h6 10.c4 Bf5 11.Re1 Re8 12.Bf1 Nf6 13.Bd2 Qd7 14.Nd5 Nxd5 
15.cxd5 Ne5 16.c4 b6 17.Bc3 f6 18.a4 a5 19.c5 Qf7 20.cxb6 cxb6 21.f4 Nd7 
22.Bb5 Rxe1+ 23.Bxe1 Nc5 24.b4 axb4 25.Bc6 Ra7 26.Bxb4 Be4 27.Ra3 Qg6 28.
Rg3 Qf5 29.Bxc5 dxc5 30.Qd2 b5 31.Bxb5 Qxd5 32.Qxd5+ Bxd5 33.Rd3 Be6 34.
Rc3 Rc7 35.Kf2 Kf7 36.Ke3 Bd5 37.g3 Ke6 38.Kd2 Kd6 39.Re3 Bc6 40.Rd3+ Ke6 
41.Bc4+ Kf5 42.a5 Kg4 43.Be6+ f5 44.h3+ Kxh3 45.Bxf5+ Kh2 46.a6 Ra7 47.Ra3
h5 48.Be6 Kg2 0-1

[Event "4th EUR-ch"]
[Site "Istanbul TUR"]
[Date "2003.06.10"]
[Round "10.91"]
[White "Grigoriants, Sergei"]
[Black "Kilicaslan, Hasan"]
[Result "1-0"]
[WhiteElo "2506"]
[BlackElo "2260"]
[EventDate "2003.05.30"]
[PlyCount "90"]

1.e4 e5 2.Nf3 Nc6 3.Bb5 Nf6 4.Qe2 d6 5.d4 Bd7 6.Bxc6 Bxc6 7.Nc3 exd4 8.
Nxd4 Be7 9.f3 O-O 10.Be3 Nd7 11.O-O-O Re8 12.g4 Nb6 13.Qd3 Bf8 14.Nf5 Bd7 
15.h4 Be6 16.h5 Nc4 17.Bf4 b5 18.g5 c6 19.Nd4 Ne5 20.Qf1 b4 21.Nxe6 Rxe6 
22.Ne2 Qa5 23.Kb1 c5 24.Nc1 Qc7 25.Qh3 Rae8 26.Rd5 c4 27.Ne2 c3 28.b3 a5 
29.Nd4 a4 30.bxa4 Nc4 31.g6 Na3+ 32.Ka1 Qc4 33.Qf1 Qc8 34.gxf7+ Kxf7 35.
Bc1 Rf6 36.Bxa3 bxa3 37.Qb5 Kg8 38.Rb1 Rf7 39.a5 Ra7 40.Rf5 Be7 41.Nc6 Ra8
42.Qd5+ Kh8 43.h6 Bf8 44.Rxf8+ Rxf8 45.hxg7+ Kxg7 1-0

[Event "4th EUR-ch"]
[Site "Istanbul TUR"]
[Date "2003.06.10"]
[Round "10.92"]
[White "Bayram, Yakup"]
[Black "Cherniaev, Alexander"]
[Result "1-0"]
[WhiteElo "2296"]
[BlackElo "2501"]
[EventDate "2003.05.30"]
[PlyCount "117"]

1.d4 Nf6 2.c4 c5 3.d5 b5 4.cxb5 a6 5.b6 d6 6.Nc3 Nbd7 7.e4 g6 8.Nf3 Bg7 9.
Be2 O-O 10.O-O Nxb6 11.a4 Bg4 12.a5 Bxf3 13.gxf3 Nbd7 14.Kh1 Ne8 15.Rg1 
Nc7 16.Qf1 f5 17.exf5 Rxf5 18.Ra4 Nf8 19.Qh3 Rh5 20.Qg2 Qe8 21.Re4 Rf5 22.
Bg5 e6 23.f4 Nxd5 24.Nxd5 Rxd5 25.Rxe6 Nxe6 26.Qxd5 Kh8 27.Bf3 Nc7 28.Qxd6
Nb5 29.Qxc5 Rc8 30.Qb6 Nd4 31.Bg2 Qf8 32.Rd1 h6 33.Qxg6 Qe8 34.Qxe8+ Rxe8 
35.Bh4 Re2 36.b4 Rb2 37.f5 Be5 38.f4 Nxf5 39.fxe5 Nxh4 40.e6 Kg7 41.Bd5 
Kf6 42.Rf1+ Ke7 43.h3 Kd6 44.Rd1 Ke7 45.Rd4 Nf5 46.Rc4 Kd6 47.Bb7 Ng3+ 48.
Kg1 Kxe6 49.Bxa6 Kd5 50.Rh4 Nf5 51.Bb7+ Ke5 52.Re4+ Kf6 53.a6 Ra2 54.Bc8 
Ng3 55.Re6+ Kg5 56.b5 Kf4 57.b6 Ra1+ 58.Kf2 Ra2+ 59.Ke1 1-0

[Event "4th EUR-ch"]
[Site "Istanbul TUR"]
[Date "2003.06.10"]
[Round "10.93"]
[White "Del Rio Angelis, Salvador Gabriel"]
[Black "Mamedov, Rauf"]
[Result "1/2-1/2"]
[WhiteElo "2490"]
[BlackElo "2330"]
[EventDate "2003.05.30"]
[PlyCount "103"]

1.d4 Nf6 2.Nf3 g6 3.c4 Bg7 4.Nc3 O-O 5.e4 d6 6.Be2 e5 7.O-O Nc6 8.d5 Ne7 
9.Ne1 Ne8 10.Be3 f5 11.f3 f4 12.Bf2 g5 13.c5 Nf6 14.Rc1 Kh8 15.cxd6 cxd6 
16.Nb5 g4 17.Nc7 Bd7 18.Nxa8 Qxa8 19.Rc7 Qd8 20.Rxb7 g3 21.hxg3 Nh5 22.
gxf4 Nxf4 23.Bxa7 Neg6 24.Rf2 Bf6 25.Bf1 Rg8 26.Rc2 Nh5 27.Rcc7 Nf8 28.Nd3
Ng3 29.Nf2 Bg5 30.Rxd7 Nxd7 31.Nh3 Bh6 32.Bf2 Qc8 33.Ra7 Nf6 34.Ba6 Qe8 
35.Rc7 Qh5 36.Rc8 Rxc8 37.Bxc8 Ngxe4 38.Bb6 Nd2 39.Be6 Qg6 40.Qa4 Qb1+ 41.
Kf2 Bf4 42.Nxf4 Qf1+ 43.Kg3 Qe1+ 44.Bf2 Nf1+ 45.Kh3 Qxf2 46.Nh5 Nxh5 47.
Qe8+ Kg7 48.Qf7+ Kh6 49.Qf8+ Kg5 50.Qf5+ Kh6 51.Qf8+ Kg5 52.Qf5+ 1/2-1/2

[Event "4th EUR-ch"]
[Site "Istanbul TUR"]
[Date "2003.06.10"]
[Round "10.94"]
[White "Wells, Peter"]
[Black "Olcayoz, Alper"]
[Result "1-0"]
[WhiteElo "2487"]
[BlackElo "2310"]
[EventDate "2003.05.30"]
[PlyCount "73"]

1.d4 Nf6 2.Bg5 e6 3.e4 h6 4.Bxf6 Qxf6 5.c3 d6 6.Bd3 Qd8 7.Ne2 Be7 8.f4 c5 
9.Nd2 cxd4 10.cxd4 d5 11.e5 Nc6 12.O-O Qb6 13.Nb3 a5 14.a4 Bd7 15.Bb5 f6 
16.exf6 gxf6 17.f5 e5 18.Nc3 Nb4 19.Qh5+ Kd8 20.Bxd7 Kxd7 21.Qf7 Raf8 22.
Nc5+ Kd8 23.Ne6+ Kd7 24.Nc5+ Kd8 25.Ne6+ Kd7 26.Qh5 Rc8 27.Rad1 Rc6 28.Kh1
e4 29.Nf4 Rd6 30.Qf7 Rf8 31.Qg7 Ke8 32.Ng6 Rf7 33.Qg8+ Bf8 34.Rfe1 Nc2 35.
Nxe4 Nxe1 36.Nxd6+ Qxd6 37.Rxe1+ 1-0

[Event "4th EUR-ch"]
[Site "Istanbul TUR"]
[Date "2003.06.10"]
[Round "10.95"]
[White "Reyhan, Dogan"]
[Black "Tzermiadianos, Andreas"]
[Result "1-0"]
[WhiteElo "2161"]
[BlackElo "2428"]
[EventDate "2003.05.30"]
[PlyCount "87"]

1.e4 c5 2.Nf3 Nc6 3.d4 cxd4 4.Nxd4 Nf6 5.Nc3 e5 6.Ndb5 d6 7.Nd5 Nxd5 8.
exd5 Nb8 9.c4 Be7 10.Bd3 O-O 11.O-O a6 12.Nc3 f5 13.f3 Nd7 14.Be3 Qe8 15.
b4 f4 16.Bf2 Rf6 17.Ne4 Rh6 18.g4 fxg3 19.Bxg3 Nf6 20.Rc1 Nh5 21.c5 Nxg3 
22.Nxg3 Bg5 23.Rc2 Be3+ 24.Kh1 Bh3 25.Nf5 Bxf5 26.Bxf5 Qf8 27.Qd3 dxc5 28.
Be6+ Rxe6 29.dxe6 Bd4 30.bxc5 Rc8 31.c6 bxc6 32.Qxa6 Qe8 33.Qc4 c5 34.Rb1 
h6 35.Rg2 Kh8 36.Rb7 Qc6 37.Rf7 Rb8 38.h3 e4 39.e7 Rb1+ 40.Kh2 Qd6+ 41.f4 
Rb8 42.Qb5 Rxb5 43.e8=Q+ Kh7 44.Qxe4+ 1-0

[Event "4th EUR-ch"]
[Site "Istanbul TUR"]
[Date "2003.06.10"]
[Round "10.96"]
[White "Ataman, Alper"]
[Black "Arduman, Can"]
[Result "1-0"]
[WhiteElo "2161"]
[BlackElo "2361"]
[EventDate "2003.05.30"]
[PlyCount "85"]

1.d4 Nf6 2.c4 g6 3.Nc3 Bg7 4.e4 d6 5.Nf3 O-O 6.Be2 e5 7.O-O Na6 8.Re1 Qe8 
9.Bf1 Bg4 10.d5 Nb4 11.Be2 a5 12.Be3 Na6 13.b3 Nh5 14.h3 Bd7 15.Rb1 f5 16.
a3 f4 17.Bd2 h6 18.b4 Qe7 19.Nh2 Nf6 20.Bf3 h5 21.Nb5 Qe8 22.h4 axb4 23.
Bxb4 b6 24.Nxc7 Nxc7 25.Bxd6 Rf7 26.Rxb6 Bf8 27.Bxc7 Ba4 28.Qb1 Rxc7 29.
Rxf6 Rxc4 30.Qb6 Kg7 31.Re6 Qf7 32.Qb2 Kh7 33.Qxe5 Bc5 34.Rf6 Bxf2+ 35.
Kxf2 Qa7+ 36.Kf1 Rc2 37.Be2 Bb5 38.Qxf4 Qc5 39.Nf3 Rxe2 40.Rxe2 Bc4 41.
Ng5+ Kh6 42.Rxg6+ Kxg6 43.Qf7+ 1-0

[Event "4th EUR-ch"]
[Site "Istanbul TUR"]
[Date "2003.06.10"]
[Round "10.97"]
[White "Brendel, Oliver"]
[Black "Akcan, Umit"]
[Result "1-0"]
[WhiteElo "2378"]
[BlackElo "2167"]
[EventDate "2003.05.30"]
[PlyCount "105"]

1.e4 c5 2.Nf3 d6 3.d3 Nc6 4.g3 g6 5.Bg2 Bg7 6.O-O e5 7.c3 Nge7 8.a3 a5 9.
a4 O-O 10.Na3 d5 11.exd5 Nxd5 12.Re1 Bf5 13.Nc4 Re8 14.Ng5 Ra7 15.Ne4 Bf8 
16.Ne3 Be6 17.Nxd5 Bxd5 18.Qf3 Bg7 19.Nf6+ Bxf6 20.Qxd5 Qxd5 21.Bxd5 Ne7 
22.Bc4 Nf5 23.f4 Nd6 24.Bd5 b6 25.Bc6 Ree7 26.fxe5 Bxe5 27.Bg5 f6 28.Rxe5 
Rxe5 29.Bxf6 Re2 30.Bd5+ Nf7 31.b3 Rd7 32.Bc4 h6 33.d4 Rb2 34.Re1 Rd6 35.
Re8+ Kh7 36.Be7 Rb1+ 37.Kf2 Rb2+ 38.Ke3 cxd4+ 39.cxd4 Kg7 40.Bf8+ Kh7 41.
Re7 Rf6 42.Bxf7 g5 43.Bc4+ Kg6 44.Bg7 Rff2 45.g4 Rbd2 46.Bd3+ Rxd3+ 47.
Kxd3 Rxh2 48.d5 Rh1 49.Bd4 Rd1+ 50.Kc4 Rc1+ 51.Kb5 h5 52.gxh5+ Kxh5 53.d6 
1-0

[Event "4th EUR-ch"]
[Site "Istanbul TUR"]
[Date "2003.06.10"]
[Round "10.98"]
[White "Duman, Aydin"]
[Black "Asmundsson, Ingvar"]
[Result "1/2-1/2"]
[WhiteElo "2185"]
[BlackElo "2327"]
[EventDate "2003.05.30"]
[PlyCount "86"]

1.e4 c5 2.Nf3 e6 3.d4 cxd4 4.Nxd4 a6 5.c4 Nf6 6.Nc3 Bb4 7.Qc2 Nc6 8.Nxc6 
dxc6 9.e5 Ng4 10.Qe4 Bxc3+ 11.bxc3 Qa5 12.Qxg4 Qxc3+ 13.Kd1 O-O 14.Qg5 
Qxa1 15.Bd3 c5 16.Re1 Bd7 17.Qh4 h6 18.Qe4 g6 19.Ke2 Qd4 20.Bxh6 Bc6 21.
Qxd4 cxd4 22.Bxf8 Kxf8 23.f3 Ke7 24.Kd2 Rh8 25.h3 f5 26.exf6+ Kxf6 27.Be4 
Rh5 28.Kd3 Ra5 29.Bxc6 bxc6 30.Kxd4 c5+ 31.Kc3 Rxa2 32.g3 Ra3+ 33.Kd2 Rxf3
34.Rg1 Ke5 35.Re1+ Kd4 36.Rxe6 Rxg3 37.Rxa6 Rg2+ 38.Kc1 Kxc4 39.Ra3 Kd4 
40.h4 Rg1+ 41.Kc2 c4 42.Rh3 Rg2+ 43.Kc1 c3 1/2-1/2

[Event "4th EUR-ch"]
[Site "Istanbul TUR"]
[Date "2003.06.10"]
[Round "10.99"]
[White "Yeke, Serkan"]
[Black "Valansi, Avram Alber"]
[Result "1/2-1/2"]
[WhiteElo "2287"]
[BlackElo "2154"]
[EventDate "2003.05.30"]
[PlyCount "127"]

1.Nf3 Nf6 2.c4 c5 3.Nc3 d5 4.cxd5 Nxd5 5.d4 Nxc3 6.bxc3 g6 7.Bg5 Bg7 8.Qd2
Qa5 9.Rc1 cxd4 10.cxd4 Qxd2+ 11.Kxd2 Nc6 12.e3 f6 13.Bh4 O-O 14.Bb5 Be6 
15.Bxc6 bxc6 16.Rxc6 Bxa2 17.Ra1 Bd5 18.Rca6 e5 19.Rxa7 exd4 20.Nxd4 f5 
21.Rxa8 Rxa8 22.Rxa8+ Bxa8 23.Nf3 h6 24.Be7 Kf7 25.Bc5 Ke6 26.Bd4 Bf8 27.
Ne1 g5 28.f3 h5 29.Kd3 Bd6 30.h3 Bb7 31.Ke2 Bg3 32.Nd3 Ba6 33.e4 Bd6 34.
Ke3 Bb5 35.Bb6 g4 36.Bd8 gxf3 37.gxf3 fxe4 38.fxe4 Bd7 39.h4 Ba4 40.Bg5 
Bd1 41.Bf4 Be7 42.Bg3 Bd8 43.Nf4+ Kf6 44.Nd5+ Kg6 45.Kd4 Bf3 46.Ke5 Bd1 
47.Nf4+ Kf7 48.Nd5 Bf3 49.Kf4 Bd1 50.e5 Ke6 51.Ke4 Bc2+ 52.Kd4 Bd1 53.Ke4 
Bc2+ 54.Kd4 Bd1 55.Nc3 Bf3 56.Ke3 Bc6 57.Ne2 Bb6+ 58.Kf4 Bb5 59.Nc3 Bd3 
60.Ne4 Bd4 61.Ng5+ Kd5 62.Nf3 Bb2 63.Ke3 Bf5 64.Kf4 1/2-1/2

[Event "4th EUR-ch"]
[Site "Istanbul TUR"]
[Date "2003.06.10"]
[Round "10.100"]
[White "Oney, Feridun"]
[Black "Ipek, Ali"]
[Result "1/2-1/2"]
[WhiteElo "2251"]
[BlackElo "2254"]
[EventDate "2003.05.30"]
[PlyCount "113"]

1.d4 d5 2.c4 e6 3.Nc3 Nf6 4.Nf3 c6 5.cxd5 exd5 6.Qc2 Be7 7.Bf4 O-O 8.e3 h6
9.h3 Be6 10.Bd3 Nbd7 11.O-O-O b5 12.Kb1 Qa5 13.Nd2 Ne4 14.Bxe4 dxe4 15.d5 
cxd5 16.Nb3 Qb6 17.Nxd5 Bxd5 18.Rxd5 Nf6 19.Rdd1 Rac8 20.Qe2 Rc4 21.g4 
Rfc8 22.Nd4 Bf8 23.Nb3 a5 24.Be5 a4 25.Bxf6 axb3 26.Bd4 bxa2+ 27.Ka1 Qe6 
28.g5 hxg5 29.Qh5 b4 30.Qxg5 b3 31.Qb5 Rc2 32.Rhg1 Rxf2 33.h4 Rfc2 34.h5 
Kh7 35.Qb7 R2c7 36.Qb5 f6 37.Bc3 Rc5 38.Qb7 R8c7 39.Qb8 Bd6 40.h6 g5 41.
Qd8 Rd7 42.Qb6 Qe7 43.Qxb3 Be5 44.Qa4 Rcc7 45.Qxe4+ Kh8 46.h7 Rxd1+ 47.
Rxd1 Bxc3 48.Qa8+ Kxh7 49.bxc3 Qxe3 50.Rh1+ Kg6 51.Qg8+ Rg7 52.Qc4 Qf3 53.
Rf1 Qe3 54.Rh1 Qf3 55.Rf1 Qe3 56.Rh1 Qf3 57.Rf1 1/2-1/2

[Event "4th EUR-ch"]
[Site "Istanbul TUR"]
[Date "2003.06.10"]
[Round "10.101"]
[White "Grant, Jonathan"]
[Black "Azimi, Reza"]
[Result "1-0"]
[WhiteElo "2253"]
[BlackElo "2046"]
[EventDate "2003.05.30"]
[PlyCount "104"]

1.c4 g6 2.Nc3 e5 3.g3 Bg7 4.Bg2 Nc6 5.e4 d6 6.Nge2 Nge7 7.d3 O-O 8.O-O f5 
9.Nd5 h6 10.exf5 Nxf5 11.Be3 Nce7 12.Bd2 c6 13.Ne3 Be6 14.Nxf5 Nxf5 15.Rc1
Qd7 16.Re1 Rf7 17.f4 Nd4 18.Nxd4 exd4 19.Qb3 Raf8 20.Be4 Bf5 21.a4 h5 22.
Rf1 h4 23.Rce1 Bf6 24.a5 Kg7 25.Qd1 hxg3 26.hxg3 Rh8 27.Bxf5 Qxf5 28.Qf3 
Qh3 29.Re2 a6 30.Rff2 Rff8 31.b4 Qd7 32.Rh2 Rxh2 33.Rxh2 Rh8 34.Rxh8 Kxh8 
35.g4 Qe7 36.Kg2 Bh4 37.g5 Be1 38.Qh3+ Kg8 39.Bxe1 Qxe1 40.Qc8+ Kf7 41.
Qxb7+ Kf8 42.Qb8+ Kf7 43.Qa7+ Ke6 44.Qxd4 Qe2+ 45.Kg3 Qe1+ 46.Qf2 Qxb4 47.
Qe3+ Kd7 48.f5 gxf5 49.g6 Qb2 50.Qa7+ Kc8 51.g7 Qe5+ 52.Kf3 Qe6 1-0

[Event "4th EUR-ch"]
[Site "Istanbul TUR"]
[Date "2003.06.10"]
[Round "10.103"]
[White "Kayar, Erdem"]
[Black "Demir, Gokhan"]
[Result "0-1"]
[WhiteElo "2077"]
[BlackElo "2245"]
[EventDate "2003.05.30"]
[PlyCount "142"]

1.e4 Nc6 2.d4 d5 3.Nc3 a6 4.exd5 Nb4 5.Bc4 Nf6 6.h3 Nbxd5 7.Nf3 Bf5 8.Ne5 
e6 9.Ne2 c5 10.Ng3 Bg6 11.O-O Qc7 12.Bxd5 Nxd5 13.c4 Nb4 14.Qa4+ Nc6 15.
Nxg6 hxg6 16.d5 Qa5 17.Qb3 Nd8 18.dxe6 fxe6 19.Qd3 Qc7 20.Qxg6+ Qf7 21.Qe4
Be7 22.Be3 Rh4 23.Qc2 Nc6 24.Rad1 Nd4 25.Bxd4 cxd4 26.Qa4+ Kf8 27.Qd7 Bf6 
28.Qxf7+ Kxf7 29.f4 Rd8 30.Rd3 Kg6 31.f5+ exf5 32.Nxf5 Re4 33.g4 Kg5 34.
Ng3 Re3 35.Rxe3 dxe3 36.Ne4+ Kh4 37.Nxf6 gxf6 38.Rf3 Rd1+ 39.Kg2 e2 40.Rf5
e1=N+ 41.Kf2 Kxh3 42.Ke2 Rb1 43.Rxf6 Ng2 44.Rb6 Re1+ 45.Kf2 Re7 46.Rh6+ 
Nh4 47.g5 Kg4 48.b4 Kxg5 49.Rb6 Ng6 50.a4 Ne5 51.Rd6 Nxc4 52.Rd5+ Re5 53.
Rd7 b5 54.Rc7 Nb2 55.axb5 axb5 56.Rg7+ Kf6 57.Rg3 Nc4 58.Rh3 Ke6 59.Rh8 
Kd5 60.Rc8 Kd4 61.Kf3 Kc3 62.Rb8 Kxb4 63.Kf4 Kc3 64.Rh8 b4 65.Rh3+ Re3 66.
Rh1 Re2 67.Kf3 Rc2 68.Ke4 b3 69.Rh3+ Kb4 70.Kd5 b2 71.Rh8 Nb6+ 0-1

[Event "4th EUR-ch"]
[Site "Istanbul TUR"]
[Date "2003.06.11"]
[Round "11.2"]
[White "Nielsen, Peter Heine"]
[Black "Van Wely, Loek"]
[Result "1/2-1/2"]
[WhiteElo "2625"]
[BlackElo "2675"]
[EventDate "2003.05.30"]
[PlyCount "67"]

1.d4 Nf6 2.c4 g6 3.g3 Bg7 4.Bg2 d5 5.cxd5 Nxd5 6.e4 Nb6 7.Ne2 c5 8.d5 e6 
9.Nbc3 exd5 10.Nxd5 O-O 11.O-O Bg4 12.h3 Bxe2 13.Qxe2 Nc6 14.Qb5 Nd4 15.
Qxc5 Nxd5 16.exd5 Ne2+ 17.Kh2 Nxc1 18.Raxc1 Be5 19.Rfd1 Bd6 20.Qd4 Re8 21.
Bf3 a6 22.Kg2 h5 23.h4 Rc8 24.a3 Rxc1 25.Rxc1 Qd7 26.Qb6 Kg7 27.Rc3 Re1 
28.Rb3 Qa4 29.Re3 Rxe3 30.Qxe3 Qc2 31.b4 Qb2 32.Qd3 Kf8 33.Be2 Kg7 34.Bf3 
1/2-1/2

[Event "4th EUR-ch"]
[Site "Istanbul TUR"]
[Date "2003.06.11"]
[Round "11.7"]
[White "Ivanchuk, Vasyl"]
[Black "Dautov, Rustem"]
[Result "1/2-1/2"]
[WhiteElo "2704"]
[BlackElo "2611"]
[EventDate "2003.05.30"]
[PlyCount "37"]

1.e4 c6 2.d4 d5 3.e5 Bf5 4.Nc3 h5 5.Be2 e6 6.a3 h4 7.Nf3 Nd7 8.O-O Ne7 9.
Bg5 h3 10.g3 Bg4 11.b4 f6 12.exf6 gxf6 13.Bf4 Ng6 14.Nd2 Bxe2 15.Nxe2 Nb6 
16.c3 Qd7 17.Qc2 Qh7 18.Ra2 O-O-O 19.Be3 1/2-1/2

[Event "4th EUR-ch"]
[Site "Istanbul TUR"]
[Date "2003.06.11"]
[Round "11.12"]
[White "Minasian, Artashes"]
[Black "Graf, Alexander"]
[Result "0-1"]
[WhiteElo "2555"]
[BlackElo "2630"]
[EventDate "2003.05.30"]
[PlyCount "174"]

1.e4 e5 2.Nf3 Nc6 3.Nc3 Nf6 4.g3 Bc5 5.Bg2 d6 6.d3 a6 7.O-O Bd7 8.Be3 Bxe3
9.fxe3 O-O 10.Nh4 g6 11.Qd2 Kg7 12.Rf3 Ne7 13.Raf1 Neg8 14.h3 c6 15.Qe1 h5
16.R3f2 Nh7 17.Kh2 Ng5 18.Ne2 Qe7 19.Ng1 Nh6 20.Ngf3 Nh7 21.Nd2 Rad8 22.
Qe2 f6 23.d4 Be6 24.c4 c5 25.Qd3 Nf7 26.d5 Bd7 27.Rb1 a5 28.a3 Ra8 29.b3 
Rfb8 30.a4 Rh8 31.Rbf1 Raf8 32.Qe2 Nh6 33.Rh1 Ng5 34.Kg1 Qd8 35.Nhf3 Rf7 
36.Nxg5 fxg5 37.Rxf7+ Kxf7 38.Kf2 Kg7 39.Ke1 g4 40.h4 g5 41.Kd1 Be8 42.Qe1
Bg6 43.Rf1 Ng8 44.Nb1 Nf6 45.Nc3 Rf8 46.hxg5 Nh7 47.Rxf8 Kxf8 48.Ke2 Nxg5 
49.Qf1+ Kg7 50.Kd3 Nf7 51.Qf2 Ng5 52.Qf1 Be8 53.Qf2 Bd7 54.Nb5 Qe7 55.Ke2 
Bxb5 56.axb5 Qf6 57.Qe1 b6 58.Qh1 Kh6 59.Qh4 Nh7 60.Ke1 Qg5 61.Ke2 Nf8 62.
Qh1 Qf6 63.Qe1 Ng6 64.Qh1 h4 65.Qh2 Kg7 66.gxh4 Qxh4 67.Qg1 Kh6 68.Qf1 Qg3
69.Bh1 Kg7 70.Kd2 Qh2+ 71.Kc3 Nh4 72.Qd1 Qg3 73.Kd3 Ng6 74.Kc2 Kh6 75.Qf1 
Qh2+ 76.Bg2 Kg7 77.Kd3 Nh4 78.Bh1 Ng6 79.Bg2 Nh4 80.Bh1 g3 81.Qd1 Qh3 82.
Bf3 g2 83.Bxg2 Qxg2 84.b4 axb4 85.Qa1 b3 86.Qa7+ Kg6 87.Qg7+ Kxg7 0-1

[Event "4th EUR-ch"]
[Site "Istanbul TUR"]
[Date "2003.06.11"]
[Round "11.13"]
[White "Iordachescu, Viorel"]
[Black "Moiseenko, Olexandr"]
[Result "1/2-1/2"]
[WhiteElo "2550"]
[BlackElo "2627"]
[EventDate "2003.05.30"]
[PlyCount "22"]

1.e4 c5 2.Nf3 Nc6 3.d4 cxd4 4.Nxd4 g6 5.Bc4 Bg7 6.Be3 Nf6 7.Nc3 d6 8.Be2 
O-O 9.O-O Bd7 10.Qd2 Nxd4 11.Bxd4 Bc6 1/2-1/2

[Event "4th EUR-ch"]
[Site "Istanbul TUR"]
[Date "2003.06.11"]
[Round "11.15"]
[White "Agrest, Evgenij"]
[Black "Bacrot, Etienne"]
[Result "1/2-1/2"]
[WhiteElo "2591"]
[BlackElo "2654"]
[EventDate "2003.05.30"]
[PlyCount "31"]

1.d4 d5 2.c4 c6 3.Nc3 Nf6 4.e3 a6 5.Nf3 b5 6.b3 Bg4 7.Be2 Nbd7 8.O-O e6 9.
h3 Bf5 10.Bd3 Bb4 11.Bb2 O-O 12.a3 Bd6 13.Qc2 Bxd3 14.Qxd3 Qe7 15.Rfc1 
Rfc8 16.Qe2 1/2-1/2

[Event "4th EUR-ch"]
[Site "Istanbul TUR"]
[Date "2003.06.11"]
[Round "11.21"]
[White "Lastin, Alexander"]
[Black "Neverov, Valeriy"]
[Result "1/2-1/2"]
[WhiteElo "2632"]
[BlackElo "2583"]
[EventDate "2003.05.30"]
[PlyCount "61"]

1.d4 Nf6 2.c4 g6 3.Nc3 d5 4.Bf4 Bg7 5.e3 c5 6.dxc5 Qa5 7.Qa4+ Qxa4 8.Nxa4 
Bd7 9.Nc3 Bc6 10.Nf3 O-O 11.Rc1 dxc4 12.Bxc4 Nbd7 13.b4 a5 14.a3 axb4 15.
axb4 Nh5 16.O-O Nxf4 17.exf4 Bxf3 18.gxf3 Ra3 19.Ne2 Nf6 20.Kg2 e6 21.Rfd1
Nh5 22.Rd6 Rc8 23.Rcd1 Raa8 24.Bd3 Rd8 25.Be4 Rxd6 26.Rxd6 Ra2 27.Bd3 Bf6 
28.Rb6 Rd2 29.Bb5 Rb2 30.Bd3 Rd2 31.Bb5 1/2-1/2

[Event "4th EUR-ch"]
[Site "Istanbul TUR"]
[Date "2003.06.11"]
[Round "11.24"]
[White "Tiviakov, Sergei"]
[Black "Sulskis, Sarunas"]
[Result "0-1"]
[WhiteElo "2623"]
[BlackElo "2578"]
[EventDate "2003.05.30"]
[PlyCount "96"]

1.e4 e5 2.Nf3 Nc6 3.Bc4 Nf6 4.d3 Bc5 5.c3 d6 6.Bb3 Be6 7.Ng5 Bxb3 8.Qxb3 
O-O 9.Qxb7 Qd7 10.O-O Bb6 11.Qa6 Ne7 12.Nd2 h6 13.Ngf3 Ng6 14.Nc4 Qe6 15.
Qa4 Nh5 16.Qd1 f5 17.Nh4 Nxh4 18.Qxh5 Ng6 19.Qh3 d5 20.exf5 Rxf5 21.Ne3 
Bxe3 22.Bxe3 Raf8 23.d4 e4 24.b3 Kh7 25.Rac1 Qa6 26.c4 c6 27.cxd5 cxd5 28.
Rc7 Nf4 29.Bxf4 Rxf4 30.a4 Qg6 31.Rc3 Rf3 32.Rxf3 exf3 33.Qg3 Qd3 34.Qe5 
fxg2 35.Re1 Qxb3 36.a5 Qa2 37.Qe3 Qxa5 38.Kxg2 Qa6 39.Qe6 Qa2 40.Qe2 Qxe2 
41.Rxe2 a5 42.Re5 Rd8 43.Kf3 a4 44.Ke2 a3 45.Kd3 a2 46.Re1 Ra8 47.Ra1 Kg6 
48.Kc3 Kf5 0-1

[Event "4th EUR-ch"]
[Site "Istanbul TUR"]
[Date "2003.06.11"]
[Round "11.25"]
[White "Kulaots, Kaido"]
[Black "Smirnov, Pavel"]
[Result "0-1"]
[WhiteElo "2514"]
[BlackElo "2615"]
[EventDate "2003.05.30"]
[PlyCount "178"]

1.e4 c5 2.Nf3 Nc6 3.d4 cxd4 4.Nxd4 Nf6 5.Nc3 e5 6.Ndb5 d6 7.Bg5 a6 8.Na3 
b5 9.Bxf6 gxf6 10.Nd5 f5 11.Bd3 Be6 12.Qh5 Rg8 13.g3 Nd4 14.c3 fxe4 15.
Bxe4 Bg4 16.Qxh7 Rg7 17.Qh6 Nf3+ 18.Ke2 Ng5+ 19.f3 Nxe4 20.fxg4 Qc8 21.Qe3
Qxg4+ 22.Qf3 Qxf3+ 23.Kxf3 f5 24.Nc2 Kf7 25.Nce3 Nf6 26.Nxf6 Kxf6 27.a4 
Rb7 28.b4 Ke6 29.axb5 Rxb5 30.Ra4 Rc8 31.c4 Rb6 32.Rha1 Rcc6 33.Ke2 Bh6 
34.c5 dxc5 35.Nc4 Rxb4 36.Rxa6 Rxa6 37.Rxa6+ Kd5 38.Nxe5 Rb2+ 39.Kd3 Rd2+ 
40.Kc3 Rxh2 41.Nc4 Rh3 42.Rd6+ Ke4 43.Re6+ Kf3 44.Rg6 Bf8 45.Kc2 Be7 46.
Rg7 Bf6 47.Rg6 Bd4 48.Rg5 Rxg3 49.Rxf5+ Ke2 50.Nd6 Rc3+ 51.Kb1 c4 52.Rh5 
Kd3 53.Nf5 Rb3+ 54.Kc1 Bb2+ 55.Kd1 Ba3 56.Rh3+ Ke4 57.Ng3+ Kd5 58.Rh5+ Kc6
59.Ne4 Rb2 60.Rf5 Bb4 61.Rf2 Rb3 62.Nd2 Rd3 63.Kc2 Kb5 64.Rf5+ Ka4 65.Nxc4
Rc3+ 66.Kd1 Rxc4 67.Ke2 Kb3 68.Rd5 Kc2 69.Rd8 Re4+ 70.Kf3 Re7 71.Rd5 Kc3 
72.Rd8 Bc5 73.Rd1 Bd4 74.Kf4 Re3 75.Kf5 Kc4 76.Kf4 Kd5 77.Rd2 Re8 78.Ra2 
Rf8+ 79.Kg3 Ke4 80.Ra4 Rg8+ 81.Kh2 Ke3 82.Ra5 Kf3 83.Rf5+ Ke4 84.Ra5 Be3 
85.Rh5 Bf4+ 86.Kh1 Kf3 87.Rh3+ Bg3 88.Rh7 Re8 89.Rf7+ Bf4 0-1

[Event "4th EUR-ch"]
[Site "Istanbul TUR"]
[Date "2003.06.11"]
[Round "11.28"]
[White "Fedorov, Alexei"]
[Black "Romanyshyn, Oleh"]
[Result "1/2-1/2"]
[WhiteElo "2604"]
[BlackElo "2558"]
[EventDate "2003.05.30"]
[PlyCount "68"]

1.e4 e5 2.Nf3 Nc6 3.Bc4 Nf6 4.d3 Be7 5.O-O O-O 6.Re1 d6 7.a4 a5 8.c3 Nd7 
9.Be3 Bf6 10.Nbd2 Ne7 11.Bb3 Nc5 12.Bc2 Ne6 13.d4 Ng6 14.h3 Nef4 15.Kh2 
Qd7 16.Ng1 Ne6 17.Ndf3 exd4 18.cxd4 d5 19.e5 Be7 20.Bf5 Bb4 21.Bd2 Qe7 22.
Ne2 Bxd2 23.Qxd2 Ra6 24.Rac1 c6 25.b3 Rb6 26.Bc2 Rb4 27.Rcd1 f5 28.Ng3 f4 
29.Nf5 Qd8 30.Qc3 Ng5 31.Nd6 Be6 32.Bxg6 hxg6 33.Nxg5 Qxg5 34.Rd3 Qh4 
1/2-1/2

[Event "4th EUR-ch"]
[Site "Istanbul TUR"]
[Date "2003.06.11"]
[Round "11.29"]
[White "Kritz, Leonid"]
[Black "Kozul, Zdenko"]
[Result "1-0"]
[WhiteElo "2468"]
[BlackElo "2601"]
[EventDate "2003.05.30"]
[PlyCount "69"]

1.e4 c5 2.Nf3 Nc6 3.d4 cxd4 4.Nxd4 Nf6 5.Nc3 d6 6.Bg5 e6 7.Qd2 a6 8.O-O-O 
Bd7 9.f3 Rc8 10.Nxc6 Bxc6 11.Kb1 Be7 12.h4 O-O 13.Ne2 d5 14.e5 Nd7 15.f4 
Nc5 16.Nd4 Re8 17.Bd3 Qb6 18.f5 Nxd3 19.Qxd3 exf5 20.Bxe7 Rxe7 21.Nxf5 
Rxe5 22.Nh6+ Kf8 23.Qxh7 Bd7 24.Qg8+ Ke7 25.Qxf7+ Kd6 26.Qg6+ Kc7 27.Qxg7 
Qe6 28.Ng4 Re2 29.Nf6 Qf5 30.Rc1 Rd8 31.Rhd1 Kb8 32.Rxd5 Rxc2 33.Nxd7+ 
Rxd7 34.Qg3+ Rdc7 35.Qxc7+ 1-0

[Event "4th EUR-ch"]
[Site "Istanbul TUR"]
[Date "2003.06.11"]
[Round "11.30"]
[White "Asrian, Karen"]
[Black "Dvoirys, Semen"]
[Result "1/2-1/2"]
[WhiteElo "2596"]
[BlackElo "2552"]
[EventDate "2003.05.30"]
[PlyCount "73"]

1.e4 c5 2.Nf3 d6 3.d4 cxd4 4.Nxd4 Nf6 5.Nc3 a6 6.Rg1 e6 7.g4 d5 8.exd5 
Nxd5 9.Nxd5 Qxd5 10.Be3 Nd7 11.Bg2 Qc4 12.a3 Be7 13.Qe2 Ne5 14.Bf1 Qc7 15.
O-O-O Ng6 16.Kb1 O-O 17.h4 Rd8 18.h5 Nf4 19.Qf3 Nd5 20.g5 Nxe3 21.fxe3 e5 
22.g6 hxg6 23.hxg6 Bf6 24.gxf7+ Kf8 25.Nb3 Rxd1+ 26.Qxd1 Bf5 27.Bd3 Rd8 
28.Qh5 Bxd3 29.cxd3 Qb6 30.Rf1 Ke7 31.Nc1 Qxe3 32.Qg6 Qd4 33.Re1 Qd5 34.
Re4 Qxf7 35.Qg1 Qd5 36.Rc4 Rd7 37.Qb6 1/2-1/2

[Event "4th EUR-ch"]
[Site "Istanbul TUR"]
[Date "2003.06.11"]
[Round "11.31"]
[White "Chuchelov, Vladimir"]
[Black "Guseinov, Kadir"]
[Result "0-1"]
[WhiteElo "2592"]
[BlackElo "2505"]
[EventDate "2003.05.30"]
[PlyCount "86"]

1.Nf3 Nf6 2.c4 g6 3.Nc3 Bg7 4.e4 d6 5.d4 O-O 6.Be2 Bg4 7.Be3 Nfd7 8.Rc1 a6
9.b4 c5 10.bxc5 dxc5 11.d5 b5 12.O-O Qa5 13.Qb3 Bxf3 14.gxf3 bxc4 15.Qb7 
Nb6 16.Na4 Qxa4 17.Qxb6 c3 18.Qxc5 Re8 19.Rfd1 Qxa2 20.Bc4 Qa4 21.f4 Qd7 
22.Be2 Rc8 23.Qa5 c2 24.Rd2 Bc3 25.Rdxc2 Bxa5 26.Rxc8+ Kg7 27.Bf3 Qb7 28.
Bd4+ f6 29.Re8 Bd2 30.Rcc8 Bxf4 31.Kg2 Kh6 32.e5 fxe5 33.Bc3 a5 34.Rf8 Qd7
35.h4 Ra7 36.Rxb8 e6 37.Rfd8 Qe7 38.d6 Qxh4 39.Rdc8 Rd7 40.Bxa5 e4 41.Bxe4
Qg5+ 42.Kf3 Bxd6 43.Ra8 Qf4+ 0-1